[Event "Landsturneringen NM i sjakk 2013"]
[Site "Radisson Blu Lillehammer Hotel"]
[Date "2013.06.29"]
[Round "1"]
[White "Simonsen, Steinar"]
[Black "Kringstad, Svein Erik"]
[Result "1-0"]
[WhiteElo "1364"]
[BlackElo "1099"]
[PlyCount "81"]
[EventDate "2013.??.??"]

1. e4 d5 2. exd5 Nf6 3. c4 e6 4. Nc3 exd5 5. cxd5 Nxd5 6. Bc4 Nb6 7. Qb3 Nxc4
8. Qxc4 Be7 9. Nf3 O-O 10. O-O Nc6 11. d4 Bf6 12. Be3 Bg4 13. Ne5 Bxe5 14. dxe5
Be6 15. Qb5 Rb8 16. Rad1 Qe7 17. Bc5 Qe8 18. Bxf8 Qxf8 19. Qe2 Qc5 20. Rfe1 Re8
21. Qe3 Qa5 22. a3 Bb3 23. Rc1 Rxe5 24. Qd2 Rxe1+ 25. Rxe1 Be6 26. h3 h6 27.
Qe3 a6 28. f4 Ne7 29. g4 Nd5 30. Qd4 Nxc3 31. Qxc3 Qxc3 32. bxc3 Kf8 33. f5 Bc4
34. Kf2 f6 35. Ke3 c5 36. a4 a5 37. Rb1 Ba6 38. Ke4 Kf7 39. Kd5 c4 40. Kc5 g6
41. Kb6 1-0

[Event "Landsturneringen NM i sjakk 2013"]
[Site "Radisson Blu Lillehammer Hotel"]
[Date "2013.06.29"]
[Round "1"]
[White "Gundersen, Arvid"]
[Black "Skjæveland, Olav"]
[Result "1-0"]
[WhiteElo "1455"]
[BlackElo "1173"]
[PlyCount "69"]
[EventDate "2013.??.??"]

1. d4 f5 2. c4 Nf6 3. g3 c6 4. Bg2 e6 5. Nf3 Be7 6. O-O O-O 7. Qc2 Na6 8. a3
Nc7 9. Nbd2 d5 10. Ne5 Nce8 11. c5 Ne4 12. Nxe4 fxe4 13. Bf4 g5 14. Bd2 Ng7 15.
e3 Rf6 16. f3 exf3 17. Bxf3 Nf5 18. Rae1 Qf8 19. Qd3 Qg7 20. e4 Nh6 21. exd5
exd5 22. b4 Bh3 23. Bg2 Bf5 24. Qb3 Nf7 25. b5 Rd8 26. bxc6 bxc6 27. Nxc6 Rxc6
28. Rxe7 Rf8 29. Rxf5 Qxd4+ 30. Be3 Qa1+ 31. Rf1 Qg7 32. Bxd5 Rf6 33. Rxf6 Qxf6
34. Rxf7 Rxf7 35. Bxf7+ 1-0

[Event "Landsturneringen NM i sjakk 2013"]
[Site "Radisson Blu Lillehammer Hotel"]
[Date "2013.06.29"]
[Round "1"]
[White "Nilsen, Helmer"]
[Black "Gabrielsen, Øyvind"]
[Result "0-1"]
[WhiteElo "1198"]
[BlackElo "1463"]
[PlyCount "72"]
[EventDate "2013.??.??"]

1. f4 e5 2. fxe5 d6 3. Nf3 Bg4 4. e3 Nd7 5. e6 fxe6 6. Be2 Be7 7. O-O e5 8. e4
Ngf6 9. Ng5 Bxe2 10. Qxe2 Nf8 11. Qb5+ c6 12. Qxb7 Qb6+ 13. Qxb6 axb6 14. d3 h6
15. Nf3 Ne6 16. Be3 b5 17. a3 g5 18. b4 Kd7 19. c4 bxc4 20. d4 Nxe4 21. dxe5 d5
22. Nd4 Bxb4 23. Rf7+ Ke8 24. Rb7 Bc5 25. Nxc6 Bxe3+ 26. Kf1 Rf8+ 27. Ke2 Bc5
28. a4 Rf2+ 29. Kd1 Rxg2 30. a5 Nc3+ 31. Kc1 Be3+ 32. Nd2 Bxd2+ 33. Kc2 Be1+
34. Kc1 Nc5 35. Re7+ Kf8 36. e6 Nb3# 0-1

[Event "Landsturneringen NM i sjakk 2013"]
[Site "Radisson Blu Lillehammer Hotel"]
[Date "2013.06.29"]
[Round "1"]
[White "Nordmark, Oddvar"]
[Black "Frydendal, Odd"]
[Result "0-1"]
[WhiteElo "1258"]
[BlackElo "1440"]
[PlyCount "100"]
[EventDate "2013.??.??"]

1. e4 c6 2. d4 d5 3. Nc3 dxe4 4. Nxe4 Bf5 5. Ng3 Bg6 6. Nf3 h6 7. Ne5 Bh7 8.
Qf3 Nf6 9. c3 e6 10. Bd3 Bxd3 11. Nxd3 Bd6 12. Ne4 Nxe4 13. Qxe4 Nd7 14. O-O
Nf6 15. Qh4 Qc7 16. Bf4 O-O-O 17. Bxd6 Qxd6 18. Ne5 Qe7 19. Qf4 g5 20. Qf3 h5
21. h3 Rdg8 22. g4 hxg4 23. hxg4 Rh4 24. Kg2 Rh7 25. Rh1 Rhg7 26. Rh6 Nd5 27.
Rah1 Nf4+ 28. Kf1 f6 29. Nd3 Ng6 30. Qe4 Nh4 31. Nc5 e5 32. dxe5 Qxc5 33. exf6
Rd7 34. Qe6 Rgd8 35. Rh7 Qd5 36. Qxd5 Rxd5 37. R1xh4 gxh4 38. Rxh4 Rf8 39. Rh6
Rg5 40. f3 Rf7 41. Kg2 Kd7 42. Kg3 Ke6 43. f4 Rg8 44. g5 Kf5 45. Rh1 Rxf6 46.
Kf3 Rd6 47. Re1 Rd3+ 48. Re3 Rxe3+ 49. Kxe3 Re8+ 50. Kf3 Re4 0-1

[Event "Landsturneringen NM i sjakk 2013"]
[Site "Radisson Blu Lillehammer Hotel"]
[Date "2013.06.29"]
[Round "1"]
[White "Stabbetorp, Hans"]
[Black "Skaug, Thorbjørn"]
[Result "1-0"]
[WhiteElo "1415"]
[BlackElo "1190"]
[PlyCount "87"]
[EventDate "2013.??.??"]

1. c4 d5 2. cxd5 Qxd5 3. Nc3 Qd8 4. Nf3 a6 5. d4 b5 6. Bf4 Bb7 7. e3 c6 8. Be2
Nf6 9. Qb3 e6 10. a3 Be7 11. Rc1 Nbd7 12. Ne5 Nxe5 13. Bxe5 Bd6 14. Bxd6 Qxd6
15. Bf3 Rb8 16. Ne4 Nxe4 17. Bxe4 Rc8 18. Rc5 Kd7 19. f4 Qe7 20. O-O h5 21. f5
Rh6 22. fxe6+ fxe6 23. Qc2 Rf6 24. Rc1 Qd6 25. Rxh5 Rh6 26. Rxh6 gxh6 27. Rf1
Rf8 28. Bf3 Rf5 29. b4 Qc7 30. Qe4 Qd6 31. Qh4 Qf8 32. Rc1 Qg7 33. Qe4 Rd5 34.
Qf4 Rf5 35. Qb8 Qg5 36. Qxb7+ Kd8 37. Qb8+ Ke7 38. Kf2 Qh4+ 39. Qg3 Qf6 40.
Rxc6 Rd5 41. Rxa6 Rxd4 42. exd4 Qxd4+ 43. Kf1 Qa1+ 44. Qe1 1-0

[Event "Landsturneringen NM i sjakk 2013"]
[Site "Radisson Blu Lillehammer Hotel"]
[Date "2013.06.29"]
[Round "1"]
[White "Steinskog, Tom"]
[Black "Teigen, Tore"]
[Result "1-0"]
[WhiteElo "1242"]
[BlackElo "1397"]
[PlyCount "63"]
[EventDate "2013.??.??"]

1. c4 e5 2. g3 Nf6 3. Nc3 g6 4. Bg2 Bg7 5. Nf3 d6 6. O-O O-O 7. d4 Nbd7 8. Bg5
exd4 9. Nxd4 h6 10. Be3 Ne5 11. b3 a6 12. Qd2 Kh7 13. h3 Rb8 14. f4 Ned7 15.
Rad1 Re8 16. b4 Nb6 17. Qd3 Nxc4 18. Qxc4 Rxe3 19. Kh2 Re7 20. e4 Qe8 21. e5
dxe5 22. fxe5 Ng8 23. Nd5 c6 24. Nxe7 Qxe7 25. Qxf7 Qxe5 26. Nf3 Qc3 27. Rd8
Nf6 28. Qc7 Nd5 29. Qxb8 Bf5 30. Qxb7 Ne3 31. Rf2 Be4 32. Nh4 1-0

[Event "Landsturneringen NM i sjakk 2013"]
[Site "Radisson Blu Lillehammer Hotel"]
[Date "2013.06.29"]
[Round "1"]
[White "Syvertsen, Finn"]
[Black "Skarsbø, Einar"]
[Result "1-0"]
[WhiteElo "1274"]
[BlackElo "1109"]
[PlyCount "83"]
[EventDate "2013.??.??"]

1. e4 d5 2. exd5 Nf6 3. c4 c6 4. Nc3 cxd5 5. cxd5 Nxd5 6. Bc4 Nxc3 7. bxc3 e6
8. Nf3 Be7 9. O-O O-O 10. d4 a6 11. Bd3 Bd7 12. a4 Nc6 13. Qc2 g6 14. Re1 Re8
15. Bf4 Bf6 16. Qd2 Ne7 17. Be5 Bxe5 18. dxe5 Kg7 19. Re4 Nf5 20. Rg4 h5 21.
Rf4 Bc6 22. Nd4 Qg5 23. Nxc6 bxc6 24. h4 Qh6 25. Rd1 Rad8 26. Rc4 Qxd2 27. Rxd2
Rc8 28. Be4 Ne7 29. Rd6 Nd5 30. Rdxc6 Ne7 31. Rc7 Rxc7 32. Rxc7 Kf8 33. Bb7 Nd5
34. Rc5 Rb8 35. Bxa6 Rb3 36. c4 Nb6 37. Bb5 Rb4 38. a5 Na4 39. Rc6 Nc3 40. a6
Nxb5 41. cxb5 Rxb5 42. a7 1-0

[Event "Landsturneringen NM i sjakk 2013"]
[Site "Radisson Blu Lillehammer Hotel"]
[Date "2013.06.29"]
[Round "1"]
[White "Sørli, Arne"]
[Black "Aasen, Oddvar"]
[Result "1-0"]
[WhiteElo "1279"]
[BlackElo "1130"]
[PlyCount "73"]
[EventDate "2013.??.??"]

1. e4 e5 2. Nf3 Nc6 3. d4 exd4 4. Nxd4 Qf6 5. Nxc6 Qxc6 6. Bd3 Bc5 7. O-O Ne7
8. Nc3 a6 9. a3 Ng6 10. Nd5 d6 11. b4 Bd4 12. Rb1 Be6 13. b5 Qd7 14. bxa6 Bxd5
15. axb7 Rb8 16. exd5 O-O 17. Bb5 Bxf2+ 18. Rxf2 Qd8 19. Bc6 Ne7 20. Be3 Nxc6
21. dxc6 d5 22. Ba7 Qd6 23. Bxb8 Rxb8 24. Qf3 f6 25. Qc3 h6 26. a4 Kf7 27. a5
d4 28. Qc4+ Kg6 29. a6 Qa3 30. Qd3+ Qxd3 31. cxd3 Kg5 32. a7 Rxb7 33. cxb7 h5
34. a8=Q f5 35. b8=Q g6 36. Qd8+ Kg4 37. Qf3# 1-0

[Event "Landsturneringen NM i sjakk 2013"]
[Site "Radisson Blu Lillehammer Hotel"]
[Date "2013.06.29"]
[Round "2"]
[White "Gabrielsen, Øyvind"]
[Black "Ringstad, Kjell"]
[Result "1-0"]
[WhiteElo "1463"]
[BlackElo "933"]
[PlyCount "105"]
[EventDate "2013.??.??"]

1. e4 e5 2. f4 d6 3. Nf3 Nf6 4. d4 exf4 5. Bxf4 Nxe4 6. Bd3 d5 7. O-O Be7 8.
Nbd2 Nxd2 9. Qxd2 O-O 10. Rae1 Be6 11. c3 Bf6 12. Qc2 g6 13. Qd2 Nd7 14. Ng5
Re8 15. Re2 c6 16. Rfe1 Nf8 17. Nf3 Nd7 18. Bh6 Bg7 19. Bxg7 Kxg7 20. Ng5 Nf8
21. Rf2 Qd7 22. Qf4 Re7 23. Qf6+ Kg8 24. h4 h6 25. Nf3 Nh7 26. Qf4 Kg7 27. Ne5
Qe8 28. Rfe2 Qf8 29. Ng4 g5 30. hxg5 hxg5 31. Qh2 f5 32. Qh6+ Kh8 33. Rxe6 Qxh6
34. Nxh6 Rxe6 35. Rxe6 Rf8 36. Nxf5 Rf6 37. Re7 Nf8 38. Rxb7 a5 39. Ra7 Ne6 40.
Rxa5 Nf4 41. Bc2 Re6 42. Ra8+ Kh7 43. Ng3+ Kg7 44. Kf2 Rf6 45. Ra7+ Rf7 46.
Rxf7+ Kxf7 47. a4 Ne6 48. a5 Nc7 49. Ba4 Ke7 50. Bxc6 Kd6 51. Bb7 Nb5 52. Nf5+
Kc7 53. Bxd5 1-0

[Event "Landsturneringen NM i sjakk 2013"]
[Site "Radisson Blu Lillehammer Hotel"]
[Date "2013.06.29"]
[Round "2"]
[White "Østgaard, Pål Inge"]
[Black "Stabbetorp, Hans"]
[Result "0-1"]
[WhiteElo "1377"]
[BlackElo "1415"]
[PlyCount "120"]
[EventDate "2013.??.??"]

1. e4 c6 2. d4 d5 3. Nc3 dxe4 4. Nxe4 Bf5 5. Ng3 Bg6 6. Nf3 Nd7 7. h4 h6 8. h5
Bh7 9. Bd3 Bxd3 10. Qxd3 Ngf6 11. Bd2 e6 12. Qe2 Bd6 13. Ne5 Qc7 14. f4 c5 15.
Bc3 Nd5 16. O-O O-O 17. Ne4 Nxc3 18. bxc3 Be7 19. Nxd7 Qxd7 20. Rfd1 Qc7 21.
Rf1 Rfd8 22. Rad1 Qa5 23. Qc4 cxd4 24. cxd4 Qxh5 25. Qb3 b6 26. Ng3 Qa5 27. f5
Qd5 28. c4 Qc6 29. fxe6 Qxe6 30. d5 Bc5+ 31. Kh1 Qg4 32. Nf5 Re8 33. Qg3 Qh5+
34. Qh3 Qxh3+ 35. gxh3 Re2 36. d6 Rd8 37. Rde1 Rd2 38. Rd1 Rxd1 39. Rxd1 Rd7
40. Kg2 h5 41. Re1 Kf8 42. Rd1 g6 43. Ne7 Rxd6 44. Rxd6 Bxd6 45. Nd5 f5 46. h4
Kf7 47. Kf3 Ke6 48. a4 Ke5 49. Nf4 Kf6 50. Nd5+ Ke6 51. Nc3 Be7 52. Kg3 Ke5 53.
Nb5 a6 54. Nc7 a5 55. Nd5 Bd8 56. Nf4 Bxh4+ 57. Kf3 g5 58. Nxh5 Kd4 59. Nf6 g4+
60. Kg2 Bxf6 0-1

[Event "Landsturneringen NM i sjakk 2013"]
[Site "Radisson Blu Lillehammer Hotel"]
[Date "2013.06.29"]
[Round "2"]
[White "Gulliksen, Leif"]
[Black "Steinskog, Tom"]
[Result "1/2-1/2"]
[WhiteElo "1323"]
[BlackElo "1242"]
[PlyCount "73"]
[EventDate "2013.??.??"]

1. d4 d5 2. c4 c6 3. Nc3 Nf6 4. Nf3 e6 5. Bg5 Be7 6. e3 O-O 7. Bd3 dxc4 8. Bxc4
b5 9. Bd3 a6 10. e4 Nbd7 11. O-O Bb7 12. Rc1 Rc8 13. Re1 h6 14. Bf4 c5 15. dxc5
Nxc5 16. Bb1 b4 17. e5 bxc3 18. exf6 Qxd1 19. Rexd1 Bxf6 20. bxc3 Bxf3 21. gxf3
Na4 22. c4 Nb2 23. Rd6 g5 24. Be3 Rxc4 25. Rxc4 Nxc4 26. Rxa6 Rd8 27. Kg2 Rd5
28. Be4 Ra5 29. Rxa5 Nxa5 30. a4 Bd8 31. Kg3 f5 32. Bd2 fxe4 33. Bxa5 Bxa5 34.
fxe4 Kg7 35. h4 Kg6 36. hxg5 Kxg5 37. f4+ 1/2-1/2

[Event "Landsturneringen NM i sjakk 2013"]
[Site "Radisson Blu Lillehammer Hotel"]
[Date "2013.06.29"]
[Round "2"]
[White "Runde, Per Steinar"]
[Black "Urdal, Jarle"]
[Result "1-0"]
[WhiteElo "1409"]
[BlackElo "1450"]
[PlyCount "34"]
[EventDate "2013.??.??"]

1. e4 c6 2. d4 d5 3. Nc3 dxe4 4. Nxe4 Bf5 5. Ng3 Bg6 6. Nf3 h6 7. Bc4 e6 8. O-O
Nd7 9. Re1 Be7 10. Bf4 Nb6 11. Bb3 Nd5 12. Bd2 Qc7 13. c4 Nb4 14. Ne5 O-O-O 15.
Nxg6 fxg6 16. Qg4 Qd7 17. Rxe6 Bf6 1-0

[Event "Landsturneringen NM i sjakk 2013"]
[Site "Radisson Blu Lillehammer Hotel"]
[Date "2013.06.29"]
[Round "2"]
[White "Utsi, Nils R"]
[Black "Skjæveland, Olav"]
[Result "0-1"]
[WhiteElo "1151"]
[BlackElo "1173"]
[PlyCount "98"]
[EventDate "2013.??.??"]

1. e4 d6 2. f4 c6 3. Nf3 Nf6 4. e5 dxe5 5. fxe5 Nd5 6. c4 Nf4 7. d4 Ng6 8. Nc3
e6 9. a3 Be7 10. Bd3 Nh4 11. O-O Nxf3+ 12. Qxf3 O-O 13. Qe4 g6 14. Bh6 f5 15.
exf6 Rxf6 16. h4 Nd7 17. Rxf6 Nxf6 18. Qe5 Bd6 19. Qg5 Be7 20. Bxg6 Qxd4+ 21.
Kh1 Qg4 22. Bc2+ Qxg5 23. Bxg5 Kg7 24. Rf1 h6 25. Bxf6+ Bxf6 26. h5 Bd7 27. Rf3
Rf8 28. Rg3+ Bg5 29. Ne4 Rf5 30. Nxg5 Rxg5 31. Rxg5+ hxg5 32. g4 c5 33. Kg2
Bc6+ 34. Kf2 a6 35. Ke3 b5 36. cxb5 axb5 37. Be4 Be8 38. b4 cxb4 39. axb4 e5
40. Bd5 Bd7 41. Bf3 Kh6 42. Be2 Kg7 43. Ke4 Kf6 44. Kd5 Be6+ 45. Kd6 Bc4 46.
Bf3 Bd3 47. Kd5 Bc4+ 48. Kc5 Bd3 49. Kd6 e4 0-1

[Event "Landsturneringen NM i sjakk 2013"]
[Site "Radisson Blu Lillehammer Hotel"]
[Date "2013.06.29"]
[Round "2"]
[White "Teigen, Tore"]
[Black "Guerrero, Ruben"]
[Result "1-0"]
[WhiteElo "1397"]
[BlackElo "993"]
[PlyCount "67"]
[EventDate "2013.??.??"]

1. e4 c5 2. Nf3 Nc6 3. d4 cxd4 4. Nxd4 e5 5. Nf3 Nf6 6. Nc3 Bb4 7. Bd3 O-O 8.
O-O Bxc3 9. bxc3 d5 10. exd5 Qxd5 11. c4 Qd8 12. Bg5 Re8 13. Nd2 Qd6 14. Re1
Bg4 15. f3 Bh5 16. Rb1 b6 17. Bh4 Rab8 18. Bg3 Nb4 19. Nb3 a5 20. Bxh7+ Kxh7
21. Qxd6 Nxc2 22. Rxe5 Red8 23. Rxh5+ Nxh5 24. Qxb8 Rxb8 25. Bxb8 Na3 26. Rc1
Nf6 27. Bd6 a4 28. Nd2 Nxc4 29. Rxc4 b5 30. Rb4 Nd5 31. Rxb5 Nc3 32. Rc5 Ne2+
33. Kf2 Nf4 34. Bxf4 1-0

[Event "Landsturneringen NM i sjakk 2013"]
[Site "Radisson Blu Lillehammer Hotel"]
[Date "2013.06.29"]
[Round "2"]
[White "Wister, Finn Arild"]
[Black "Nilsen, Helmer"]
[Result "1/2-1/2"]
[WhiteElo "1295"]
[BlackElo "1198"]
[PlyCount "41"]
[EventDate "2013.??.??"]

1. b4 e6 2. Bb2 f5 3. e3 Nf6 4. b5 b6 5. Nf3 Bb7 6. c4 d5 7. cxd5 Bxd5 8. Nc3
c6 9. Nxd5 cxd5 10. Be2 Bd6 11. Qc2 O-O 12. O-O Nbd7 13. Rfc1 Rc8 14. Qxc8 Qxc8
15. Rxc8 Rxc8 16. Rc1 Rxc1+ 17. Bxc1 Ne4 18. Nd4 Kf7 19. Nc6 Bb8 20. f3 Nd6 21.
Kf2 1/2-1/2

[Event "Landsturneringen NM i sjakk 2013"]
[Site "Radisson Blu Lillehammer Hotel"]
[Date "2013.06.29"]
[Round "3"]
[White "Løvaas, Tore Høe"]
[Black "Gundersen, Arvid"]
[Result "0-1"]
[WhiteElo "1443"]
[BlackElo "1455"]
[PlyCount "66"]
[EventDate "2013.??.??"]

1. f4 d5 2. b3 Bg4 3. Nf3 Bxf3 4. exf3 e6 5. Bb2 Nf6 6. Nc3 c5 7. Bb5+ Nc6 8.
Bxc6+ bxc6 9. O-O Bd6 10. g3 O-O 11. Qe2 Re8 12. Na4 Qe7 13. Qa6 Rac8 14. Rae1
d4 15. Ba3 Nd5 16. Ra1 Nb4 17. Qc4 Rb8 18. Rfc1 Rb5 19. c3 dxc3 20. Nxc3 Rbb8
21. Ne4 a5 22. Nxc5 Qa7 23. Kg2 Rbd8 24. Ne4 Be7 25. Rd1 Rd4 26. Qc3 f5 27. Bb2
Red8 28. Nf2 Qd7 29. Bc1 h6 30. Nh3 Bf6 31. Qc5 Rd5 32. Qc4 Bxa1 33. Ba3 Rxd2+
0-1

[Event "Landsturneringen NM i sjakk 2013"]
[Site "Radisson Blu Lillehammer Hotel"]
[Date "2013.06.29"]
[Round "3"]
[White "Steinskog, Tom"]
[Black "Runde, Per Steinar"]
[Result "1/2-1/2"]
[WhiteElo "1242"]
[BlackElo "1409"]
[PlyCount "132"]
[EventDate "2013.??.??"]

1. c4 e5 2. Nc3 Nc6 3. g3 Nf6 4. Bg2 Be7 5. Nf3 d6 6. O-O Be6 7. b3 O-O 8. d4
Nxd4 9. Nxd4 exd4 10. Qxd4 c6 11. Re1 Qb6 12. Qxb6 axb6 13. Be3 Nd7 14. Red1
Rfd8 15. Na4 Ra6 16. Rac1 Nc5 17. Nc3 Raa8 18. Bd4 Nd7 19. e4 Bf6 20. f4 Bxd4+
21. Rxd4 Nf6 22. f5 Bc8 23. Rcd1 Ne8 24. h3 Ra5 25. g4 Re5 26. b4 f6 27. b5 Bd7
28. a4 Ra8 29. Kh2 Kf7 30. Kg3 g5 31. h4 h5 32. Rh1 hxg4 33. hxg5 Bxf5 34. Rf1
Be6 35. gxf6 c5 36. Rd2 Bxc4 37. Rh1 Nxf6 38. Rxd6 Be6 39. Rxb6 Bc8 40. Rf1 Be6
41. Rxb7+ Kg6 42. Rb6 Kg5 43. Rd1 Nh5+ 44. Kf2 Rf8+ 45. Kg1 Nf4 46. Rb7 Kh4 47.
Rf1 Kg3 48. Rh7 Rd8 49. Re1 Rd3 50. Ne2+ Nxe2+ 51. Rxe2 Bc4 52. Bf1 Rd1 53.
Rg2+ Kf4 54. Rf2+ Kxe4 55. Kg2 Bxf1+ 56. Rxf1 Rd3 57. b6 Kd5 58. b7 Rb3 59. Rf8
Re2+ 60. Rf2 Rxf2+ 61. Kxf2 Kc6 62. Rg7 Rxb7 63. Rxg4 Kb6 64. Rc4 Kc6 65. Ke3
Rd7 66. Ke4 Rd8 1/2-1/2

[Event "Landsturneringen NM i sjakk 2013"]
[Site "Radisson Blu Lillehammer Hotel"]
[Date "2013.06.29"]
[Round "3"]
[White "Knutsen, Pål Egil"]
[Black "Østgaard, Pål Inge"]
[Result "0-1"]
[WhiteElo "1270"]
[BlackElo "1377"]
[PlyCount "68"]
[EventDate "2013.??.??"]

1. c4 Nf6 2. Nc3 g6 3. g3 Bg7 4. Bg2 d6 5. d4 O-O 6. Bg5 h6 7. Bxf6 Bxf6 8. e3
c6 9. Nge2 a5 10. O-O Na6 11. a3 Bd7 12. Qb3 Rb8 13. Rfd1 Qc7 14. Rac1 Rfc8 15.
Qa2 Qd8 16. Ne4 Bg7 17. c5 Be6 18. b3 a4 19. Nf4 Bxb3 20. Qb1 Bxd1 21. Rxd1 d5
22. Nc3 Qa5 23. Qc2 Nxc5 24. Bh3 Rd8 25. Nxg6 fxg6 26. dxc5 Qxc3 27. Qxg6 Qf6
28. Be6+ Kh8 29. Qg4 Rf8 30. f4 Ra8 31. Rd4 Ra5 32. f5 Rxc5 33. h4 Rc3 34. Kf2
Qxe6 0-1

[Event "Landsturneringen NM i sjakk 2013"]
[Site "Radisson Blu Lillehammer Hotel"]
[Date "2013.06.29"]
[Round "3"]
[White "Omland, Harald"]
[Black "Sørli, Arne"]
[Result "1-0"]
[WhiteElo "1273"]
[BlackElo "1279"]
[PlyCount "57"]
[EventDate "2013.??.??"]

1. f4 e6 2. Nf3 d6 3. e4 Nc6 4. Bb5 Bd7 5. O-O Be7 6. Nc3 a6 7. Bxc6 Bxc6 8. a4
Nf6 9. Qe1 d5 10. e5 Ne4 11. Nd4 Bc5 12. Nce2 O-O 13. d3 Bxd4+ 14. Nxd4 Nc5 15.
b4 Nd7 16. Qg3 g6 17. f5 exf5 18. Nxf5 Kh8 19. Nh6 Kg7 20. Bg5 Qe8 21. Rae1 Qe6
22. Rf6 Qe7 23. Rxg6+ hxg6 24. Bxe7 Kxh6 25. Bxf8+ Nxf8 26. Qf4+ Kg7 27. Re3
Ne6 28. Qf6+ Kg8 29. Rh3 1-0

[Event "Landsturneringen NM i sjakk 2013"]
[Site "Radisson Blu Lillehammer Hotel"]
[Date "2013.06.29"]
[Round "3"]
[White "Ringstad, Kjell"]
[Black "Skarsbø, Einar"]
[Result "0-1"]
[WhiteElo "933"]
[BlackElo "1109"]
[PlyCount "80"]
[EventDate "2013.??.??"]

1. e4 d5 2. d4 dxe4 3. Be3 Nf6 4. Nc3 e6 5. a3 Nbd7 6. Nge2 b6 7. g3 Bb7 8. Bg2
Be7 9. O-O O-O 10. Qd2 c5 11. Rad1 cxd4 12. Nxd4 Ne5 13. b4 Rc8 14. Nce2 Nc4
15. Qc1 Nxe3 16. fxe3 Qc7 17. Rd2 Rfd8 18. c3 Ng4 19. Rc2 Bg5 20. Nf4 e5 21. h4
Bh6 22. Bh3 Nxe3 23. Qxe3 exd4 24. Qc1 d3 25. Bxc8 Rxc8 26. Ra2 Qxc3 27. Qxc3
Rxc3 28. Re1 Bxf4 29. gxf4 Bd5 30. Raa1 g6 31. Rec1 Rxc1+ 32. Rxc1 d2 33. Rd1
e3 34. Ra1 Bb3 35. Kf1 d1=Q+ 36. Rxd1 Bxd1 37. Ke1 Bg4 38. Kf1 e2+ 39. Kf2 f5
40. a4 Kf7 0-1

[Event "Landsturneringen NM i sjakk 2013"]
[Site "Radisson Blu Lillehammer Hotel"]
[Date "2013.06.29"]
[Round "3"]
[White "Nilsen, Helmer"]
[Black "Skaug, Thorbjørn"]
[Result "0-1"]
[WhiteElo "1198"]
[BlackElo "1190"]
[PlyCount "64"]
[EventDate "2013.??.??"]

1. f4 e6 2. Nf3 b5 3. e4 a6 4. Be2 Bb7 5. d3 c5 6. b3 Nf6 7. O-O d6 8. Bb2 Nbd7
9. Nbd2 Be7 10. h3 O-O 11. Nh2 Rc8 12. Ng4 Nxg4 13. Bxg4 Nf6 14. Bf3 Qb6 15.
Kh1 Qa7 16. e5 dxe5 17. Bxb7 Qxb7 18. fxe5 Nd5 19. Qf3 Qa8 20. Rae1 Nb4 21. Ne4
Nd5 22. Qg3 Kh8 23. c4 bxc4 24. bxc4 f5 25. exf6 Nxf6 26. Qg5 Rf7 27. Nxf6 gxf6
28. Bxf6+ Bxf6 29. Rxf6 Rg8 30. Qxg8+ Qxg8 31. Rfxe6 Rf1+ 32. Rxf1 Qxe6 0-1

[Event "Landsturneringen NM i sjakk 2013"]
[Site "Radisson Blu Lillehammer Hotel"]
[Date "2013.06.29"]
[Round "3"]
[White "Urdal, Jarle"]
[Black "Wister, Finn Arild"]
[Result "0-1"]
[WhiteElo "1450"]
[BlackElo "1295"]
[PlyCount "56"]
[EventDate "2013.??.??"]

1. f4 Nf6 2. Nf3 d5 3. e3 g6 4. b3 Bg7 5. Bb2 O-O 6. Be2 c5 7. O-O Nc6 8. Qe1
Bf5 9. Bd1 Qc7 10. Ne5 Nd7 11. d4 cxd4 12. exd4 Nf6 13. Nd2 Ne4 14. Rc1 Nxd2
15. Qxd2 e6 16. c4 Nxe5 17. cxd5 Qb6 18. fxe5 Bxe5 19. Kh1 Bg7 20. dxe6 Bxe6
21. Ba3 Rfd8 22. Bc5 Qb5 23. Be2 Qe8 24. Bf3 Bd5 25. Bxd5 Rxd5 26. Rfe1 Qb5 27.
Qf2 b6 28. Re7 Rf5 0-1

[Event "Landsturneringen NM i sjakk 2013"]
[Site "Radisson Blu Lillehammer Hotel"]
[Date "2013.06.29"]
[Round "3"]
[White "Nordmark, Oddvar"]
[Black "Utsi, Nils R"]
[Result "0-1"]
[WhiteElo "1258"]
[BlackElo "1151"]
[PlyCount "74"]
[EventDate "2013.??.??"]

1. e4 c5 2. Nf3 d6 3. d4 cxd4 4. Nxd4 Nc6 5. Be3 g6 6. Nxc6 bxc6 7. Bd4 e5 8.
Bc3 Nf6 9. Nd2 Bh6 10. Bd3 O-O 11. Qe2 a5 12. O-O-O Re8 13. Kb1 d5 14. Nf3 d4
15. Bd2 Bg7 16. h3 Qb6 17. Bc4 Ba6 18. Rhe1 Bxc4 19. Qxc4 h6 20. Bc1 a4 21. a3
Bf8 22. Ka2 Qb5 23. Nd2 Nd7 24. g3 Nb6 25. Qxb5 cxb5 26. f4 Rac8 27. Kb1 Nc4
28. Nf3 b4 29. axb4 Bxb4 30. Re2 a3 31. b3 a2+ 32. Kxa2 Ra8+ 33. Kb1 Bc3 34.
Bb2 Nxb2 35. Rd3 Nxd3 36. cxd3 Ra1+ 37. Kc2 Rea8 0-1

[Event "Landsturneringen NM i sjakk 2013"]
[Site "Radisson Blu Lillehammer Hotel"]
[Date "2013.06.29"]
[Round "4"]
[White "Frydendal, Odd"]
[Black "Simonsen, Steinar"]
[Result "1-0"]
[WhiteElo "1440"]
[BlackElo "1364"]
[PlyCount "47"]
[EventDate "2013.??.??"]

1. e4 e6 2. d4 d5 3. Nc3 Nf6 4. e5 Nfd7 5. f4 c5 6. Nf3 Nc6 7. Be3 c4 8. Be2
Be7 9. O-O O-O 10. b3 cxb3 11. axb3 f6 12. Nb5 a6 13. c4 Rb8 14. Nc3 Bb4 15.
Qc2 fxe5 16. fxe5 Bxc3 17. Qxc3 Ne7 18. Ng5 Nf5 19. Nxe6 Qe7 20. Nxf8 Nxf8 21.
cxd5 Nxe3 22. Qxe3 Bd7 23. d6 Qe6 24. Bc4 1-0

[Event "Landsturneringen NM i sjakk 2013"]
[Site "Radisson Blu Lillehammer Hotel"]
[Date "2013.06.29"]
[Round "4"]
[White "Teigen, Tore"]
[Black "Thonstad, Tore"]
[Result "0-1"]
[WhiteElo "1397"]
[BlackElo "1311"]
[PlyCount "40"]
[EventDate "2013.??.??"]

1. e4 c5 2. Nf3 Nc6 3. d4 cxd4 4. Nxd4 e5 5. Nb3 Nf6 6. N1d2 Be7 7. c3 O-O 8.
Qc2 d5 9. exd5 Nxd5 10. Be2 Nf4 11. g3 Nxe2 12. Kxe2 b6 13. Qd3 Qc7 14. Kf1 a5
15. a4 Ba6 16. c4 Rfd8 17. Qe3 Nb4 18. Qe2 Rd3 19. Ke1 Rad8 20. h4 Nc2+ 0-1

[Event "Landsturneringen NM i sjakk 2013"]
[Site "Radisson Blu Lillehammer Hotel"]
[Date "2013.06.29"]
[Round "4"]
[White "Kringstad, Svein Erik"]
[Black "Steinskog, Tom"]
[Result "1-0"]
[WhiteElo "1099"]
[BlackElo "1242"]
[PlyCount "35"]
[EventDate "2013.??.??"]

1. e4 e5 2. d4 exd4 3. c3 dxc3 4. Nxc3 d6 5. Bc4 Be7 6. Qb3 Be6 7. Bxe6 fxe6 8.
Qxe6 Qd7 9. Qb3 c6 10. Nf3 Na6 11. Be3 c5 12. Nd5 Nf6 13. O-O Nxe4 14. Rfe1
O-O-O 15. Rac1 Nf6 16. Nxe7+ Qxe7 17. Bxc5 Nxc5 18. Rxe7 1-0

[Event "Landsturneringen NM i sjakk 2013"]
[Site "Radisson Blu Lillehammer Hotel"]
[Date "2013.06.29"]
[Round "4"]
[White "Petterson, Tor"]
[Black "Urdal, Jarle"]
[Result "1-0"]
[WhiteElo "1114"]
[BlackElo "1450"]
[PlyCount "67"]
[EventDate "2013.??.??"]

1. e4 c6 2. Bc4 d5 3. exd5 cxd5 4. Bb3 Nf6 5. h3 Nc6 6. a3 Bf5 7. Nf3 e6 8. d4
Bd6 9. Nh4 Bg6 10. Nxg6 hxg6 11. Nc3 a6 12. Be3 Rc8 13. Ba4 b5 14. Bb3 Na5 15.
Ba2 Bxa3 16. Nxb5 Bxb2 17. Rb1 axb5 18. Rxb2 b4 19. Rxb4 O-O 20. Bg5 Qc7 21.
Bxf6 Qc3+ 22. Qd2 Qa1+ 23. Bb1 gxf6 24. O-O Nc4 25. Qd3 Rc7 26. c3 Na3 27. Rb3
Rfc8 28. Rc1 Rxc3 29. Rbxc3 Rxc3 30. Qxc3 Qxc3 31. Rxc3 Nxb1 32. Rd3 e5 33.
dxe5 fxe5 34. Rxd5 1-0

[Event "Landsturneringen NM i sjakk 2013"]
[Site "Radisson Blu Lillehammer Hotel"]
[Date "2013.06.29"]
[Round "4"]
[White "Wister, Finn Arild"]
[Black "Lilleng, Gunnar"]
[Result "1/2-1/2"]
[WhiteElo "1295"]
[BlackElo "1248"]
[PlyCount "43"]
[EventDate "2013.??.??"]

1. b4 d6 2. Bb2 Bg4 3. c4 Nf6 4. Qb3 Qc8 5. h3 Bd7 6. e3 e5 7. Nf3 Be7 8. Nc3
O-O 9. c5 Be6 10. Bc4 Bxc4 11. Qxc4 b6 12. cxd6 cxd6 13. Qxc8 Rxc8 14. O-O Nbd7
15. Rfc1 Kf8 16. d4 e4 17. Nd2 d5 18. a3 Ke8 19. Nb5 Kd8 20. Rxc8+ Kxc8 21.
Rc1+ Kd8 22. Nb3 1/2-1/2